|
|
|
|
| LEADER |
01440nam a2200289 a 4500 |
| 001 |
GR-Patra24024 |
| 008 |
041007s2005 gr e b 000 b eng d |
| 020 |
|
|
|a 0736048111
|
| 044 |
|
|
|b il
|
| 082 |
|
0 |
|a 617.1027
|2 22
|
| 100 |
1 |
|
|a Perrin, David H.,
|d 1954-
|
| 245 |
1 |
0 |
|a Athletic taping and bracing /
|c David H. Perrin.
|
| 250 |
|
|
|a 2nd ed.
|
| 260 |
|
|
|a Champaign, IL :
|b Human Kinetics,
|c 2005
|
| 300 |
|
|
|a ix, 125 σ. :
|b έγχρ. εικ.
|
| 500 |
|
|
|a Παράρτημα Αιγίου. Τμήμα Φυσικοθεραπείας.
|
| 504 |
|
|
|a Περιλαμβάνει βιβλιογραφικές παραπομπές (σ. 123).
|
| 610 |
2 |
4 |
|a Παράρτημα Αιγίου. Τμήμα Φυσικοθεραπείας
|
| 650 |
|
0 |
|a BANDAGES AND BANDAGING
|
| 650 |
|
0 |
|a Sports injuries
|x Treatment
|
| 710 |
0 |
|
|a Human Kinetics
|
| 942 |
|
|
|2 ddc
|
| 952 |
|
|
|0 0
|1 0
|2 ddc
|4 0
|6 617_102000000000000_7_PER
|7 0
|9 367240
|a LISP
|b LISP
|c BSC
|d 2023-01-12
|i 35460
|l 0
|o 617.102 7 PER
|p 025000297057
|r 2023-01-12 00:00:00
|t 1
|w 2023-01-12
|y BK15
|
| 952 |
|
|
|0 0
|1 0
|2 ddc
|4 0
|6 617_102000000000000_7_PER
|7 0
|9 367241
|a LISP
|b LISP
|c BSC
|d 2023-01-12
|i 35459
|l 0
|o 617.102 7 PER
|p 025000297058
|r 2023-01-12 00:00:00
|t 2
|w 2023-01-12
|y BK15
|
| 952 |
|
|
|0 0
|1 0
|2 ddc
|4 0
|6 617_102000000000000_7_PER
|7 0
|9 367242
|a LISP
|b LISP
|c BSC
|d 2023-01-12
|i 41990
|l 0
|o 617.102 7 PER
|p 025000297059
|r 2023-01-12 00:00:00
|t 3
|w 2023-01-12
|y BK15
|
| 971 |
|
|
|a .b2671596x
|b 15-04-20
|c 26-09-16
|
| 999 |
|
|
|c 176448
|d 176448
|